| 000 | 01388nam0a2200337 4500 | ||
|---|---|---|---|
| 001 | RU\NLR\BIBL_A\022585713 | ||
| 005 | 20260420050852.0 | ||
| 010 |
_a978-5-04-186041-7 _92000 |
||
| 021 |
_aRU _bКН-П-25-030795 _9КН-П-25-3045 |
||
| 035 | _a(NLR Aleph) 022585713 | ||
| 090 |
_a13678167 _c13678167 |
||
| 100 | _a20250716d2025 u y0rusy50 ca | ||
| 101 | 1 |
_arus _ceng |
|
| 102 | _aRU | ||
| 105 | _ay z 000za | ||
| 181 | 0 |
_ai4 _baxxe |
|
| 182 | 0 | _an | |
| 200 | 1 |
_aХолодный крематорий _eголод и надежда в Освенциме _eмемуары _fЙожеф Дебрецени _gперевод с английского Ирины Голыбиной |
|
| 203 |
_aТекст _bвизуальный _cнепосредственный |
||
| 210 |
_aМосква _cЭксмо _d2025 |
||
| 215 |
_a286, [1] с. _d21 |
||
| 300 | _aНа 2-й с. обл. авт.: Й. Дебрецени псевд. Й. Брюнера | ||
| 333 | _a16+ | ||
| 606 | 1 |
_aХолокост _jВоспоминания, записки и т.п _92090731 _3RU\NLR\AUTH\661265457 |
|
| 686 | 1 | _aТ3(0)628.25,013 | |
| 686 | 1 | _aШ6(4Вн)77-46{Лх д-в199-64} | |
| 700 | 1 |
_7ca _8rus _aДебрецени _bЙ. _f1905-1978 _gЙожеф _9268637 _3RU\NLR\AUTH\770268693 |
|
| 942 | _cBOOK | ||
| 980 | _aNB | ||